书目信息 |
| 题名: |
现代装饰画设计
|
|
| 作者: | 张一民 著 | |
| 分册: | ||
| 出版信息: | 济南 山东美术出版社 1990 |
|
| 页数: | 104页 | |
| 开本: | 20cm | |
| 丛书名: | ||
| 单 册: | ||
| 中图分类: | J522.1 , J5 , I525 | |
| 科图分类: | ||
| 主题词: | 装饰美术-人物画--中国--现代--画册 , 人物画-装饰美术--中国--现代--画册 , 文学 | |
| 电子资源: | ||
| ISBN: | 7-5330-0251-2 | |
| 000 | 00746nam0 2200265 450 | |
| 001 | 1560237121 | |
| 005 | 20150131164444.06 | |
| 010 | @a7-5330-0251-2@dCNY5.50 | |
| 100 | @a20060218d1990 ekmy0chiy0121 ea | |
| 101 | 0 | @achi |
| 102 | @aCN@b370000 | |
| 105 | @aa z 000yy | |
| 200 | 1 | @a现代装饰画设计@9xian dai zhuang shi hua she ji@f张一民著 |
| 210 | @a济南@c山东美术出版社@d1990 | |
| 215 | @a104页@d20cm | |
| 300 | @a张一民(1943~ ),山东工艺美术学院院长 | |
| 606 | 0 | @a装饰美术-人物画@y中国@z现代@x画册 |
| 606 | 0 | @a人物画-装饰美术@y中国@z现代@x画册 |
| 606 | 0 | @a文学 |
| 690 | @aJ522.1@v5 | |
| 690 | @aJ5@v5 | |
| 690 | @aI525@v4 | |
| 701 | 0 | @a张一民@9zhang yi min@4著 |
| 801 | 0 | @aCN@bTSSF@c20150131 |
| 905 | @aZUCC@dI525@eJY16 | |
| 现代装饰画设计/张一民著.-济南:山东美术出版社,1990 |
| 104页;20cm |
| 张一民(1943~ ),山东工艺美术学院院长 |
| ISBN 7-5330-0251-2:CNY5.50 |
| ● |
| 相关链接 |
|
|
|
|
正题名:现代装饰画设计
索取号:I525/JY16
 
预约/预借
| 序号 | 登录号 | 条形码 | 馆藏地/架位号 | 状态 | 备注 |
| 1 | 7862014 | 278620146 | 学院路分馆/ [索取号:I525/JY16] | 在馆 |